000
00334nam a22001457a 4500
008
221107b ||||| |||| 00| 0 eng d
020
_a
2740232398527
041
_a
eng
080
_2
SEVENTH EDITION
_a
610.73
082
_a
610.73BLA
100
_a
8
101
_a
INF
245
_a
PROFESSIONAL NURSING
_c
BLACK P B
942
_2
udc
_c
BK
999
_c
58762
_d
58762